• 首页
  • 本馆介绍
  • 公告通知
  • 最新文献
  • 馆藏检索
  • 电子资源
  • 读者导购
  • 参考咨询
  • 我的图书馆
  • 登录
  • 详细信息显示
  • 放入我的书架
  • 预约/预借图书
  • 作者相关作品
  • 分类相关作品
  • 丛书相关作品
  • 出版社相关作品

书目信息

  • 表格格式
  • 工作单格式
  • 卡片格式
题名:
古代的人
    
 
作者: 房龙 著 ;林徽因 译
分册:  
出版信息: 沈阳   辽宁人民出版社  2017
页数: 309页
开本: 19cm
丛书名: 小经典译丛
单 册:
中图分类: H319.4:K , K11-49
科图分类:
主题词: 世界史--shi jie shi--上古史--英语--汉语--对照读物
电子资源:
ISBN: 978-7-205-08645-9
000 01097nam0 22003011 450
001 1730341914
005 20170525101545.0
010    @a978-7-205-08645-9@dCNY29.00
100    @a20170320d2017 em y0chiy50 ea
101 2  @achi@aeng@ceng
102    @aCN@b210000
105    @aac z 000yy
106    @ar
200 1  @a古代的人@Agu dai de ren@e汉英对照版@f(美) 亨德里克·威廉·房龙著@dAncient man@fHendrik Willem Vanloon@g林徽因译@zeng
210    @a沈阳@c辽宁人民出版社@d2017
215    @a309页@c图, 肖像@d19cm
225 2  @a小经典译丛@Axiao jing dian yi cong@i民国名家名译
330    @a本书从人性的角度来描述历史,用深入浅出的笔触讲述艰深的内容。
333    @a青年读者,文学爱好者及相关读者。
461  0 @12001 @a小经典译丛@i民国名家名译
500 10 @aAncient man@mChinese
606 0  @a世界史@Ashi jie shi@x上古史@x英语@x汉语@j对照读物
690    @aH319.4:K@v5
690    @aK11-49@v5
701  1 @c(美)@a房龙@Afang long@c(Van Loon, Hendrik Willem),@f1882-1944@4著
702  0 @a林徽因@Alin hui yin@4译
801  0 @aCN@bTANG WEI@c20170524
905    @b0969808-12@dH319.4:K@e1840@f5
    
    古代的人:汉英对照版/(美) 亨德里克·威廉·房龙著=Ancient man/Hendrik Willem Vanloon/林徽因译.-沈阳:辽宁人民出版社,2017
    309页:图, 肖像;19cm.-(小经典译丛.民国名家名译)
    使用对象:青年读者,文学爱好者及相关读者。
    
    ISBN 978-7-205-08645-9:CNY29.00
    本书从人性的角度来描述历史,用深入浅出的笔触讲述艰深的内容。
●
相关链接 在E读中查询图书 在五车中查询图书 在当当中查询图书 在豆瓣中查询图书


正题名:古代的人     索取号:H319.4:K/1840         预约/预借

序号 登录号 条形码 馆藏地/架位号 状态 备注
1 0969808   209698086   第二样本阅览室/ [索取号:H319.4:K/1840] 在馆    
2 0969809   209698095   第四借阅区/ [索取号:H319.4:K/1840] 在馆    
3 0969810   209698102   第四借阅区/ [索取号:H319.4:K/1840] 在馆    
4 0969811   209698111   第四借阅区/ [索取号:H319.4:K/1840] 在馆    
5 0969812   209698120   第四借阅区/ [索取号:H319.4:K/1840] 在馆    
唐山师范学院图书馆 欢迎您!
大连网信软件有限公司© 版权所有